| 000 | 01337cam a2200373 i 4500 | ||
|---|---|---|---|
| 999 |
_c2680 _d2680 |
||
| 001 | 18125249 | ||
| 003 | GZU | ||
| 005 | 20201105074822.0 | ||
| 008 | 140423t20131974nyu b 001 0 eng | ||
| 010 | _a 2013388630 | ||
| 020 | _a9780465051007 | ||
| 040 |
_aDLC _beng _cDLC _erda _dDLC |
||
| 050 | 0 | 0 |
_aJC571 _b.N68 2013 |
| 100 | 1 | _aNozick, Robert. | |
| 245 | 1 | 0 |
_aAnarchy, state, and utopia / _cRobert Nozick ; with a new foreword by Thomas Nagel. |
| 264 | 1 |
_aNew York : _bBasic Books, a member of the Perseus Books Group, _c2013. |
|
| 264 | 4 | _c©1974 | |
| 300 |
_axxvi, 372 pages ; _c21 cm |
||
| 336 |
_atext _btxt _2rdacontent |
||
| 337 |
_aunmediated _bn _2rdamedia |
||
| 338 |
_avolume _bnc _2rdacarrier |
||
| 504 | _aIncludes bibliographical references (pages 355-360) and index. | ||
| 586 | _aNational Book Award, 1975 | ||
| 650 | 0 | _aState, The. | |
| 650 | 0 | _aCivil rights. | |
| 650 | 0 | _aAnarchism. | |
| 650 | 0 | _aHuman rights. | |
| 650 | 0 | _aUtopias. | |
| 856 | 4 | 2 |
_3Contributor biographical information _uhttp://www.loc.gov/catdir/enhancements/fy0832/73091081-b.html |
| 856 | 4 | 2 |
_3Publisher description _uhttp://www.loc.gov/catdir/enhancements/fy0832/73091081-d.html |
| 906 |
_a7 _bcbc _corignew _d2 _eopcn _f20 _gy-gencatlg |
||
| 942 |
_2lcc _cBK _h571 _iNOZ _kJC _m1974 |
||